1464 1084 1874 1855 1816 1106 1614 1579 1113 1478 1217 1097 1012 1716 1651 1273 1431 1096 1365 1464 1542 1542 1982 1579 1625 1505 1216 1626 1592 1862 1217 1359 1492 1953 1407 1038 1987 1104 1702 1062 1741 1169 1170 1184 1135 1006 1181 1001 1821 1530 1371 1177 1149 1326 1966 1177 1958 1663 1140 1891 1894 1630 1261 1748 1586 1310 1846 1315 1769 1847 1030 1439 1370 1115 1950 1788 1902 1919 1048 1244 1944 1591 1041 1785 1547 1543 1656 1565 1084 1537 1685 1877 1742 1750 1460 1424 1549 1193 1921 BCNSPRNW ULIB Ver.6.0+V

เปลี่ยนเป็นภาษาไทย

Change to English
 แสดงรายละเอียดบรรณานุกรม
  กลับหน้าหลัก

Brief Record : Get Marc (ISO 2709) : E-mail record : QR code < ปิดหน้าต่าง
LEADER : 00000nam 2200000uu 4500
001    13399127682
003     ULIB
008    210408s2563||||th 000 0 tha d
020 ^^ 9786164540453
050 ^^ นว^bพ716พ
100 ^^ พิมพ์ณารากุล
245 ^^ พรพรหมห่มรัก/^cพิมพ์ณารากุล.
260 ^^ กรุงเทพฯ : ^bเขียนฝัน, ^c2563
300 ^^ 312 หน้า ; ^c21 ซม.
650 ^^ นวนิยาย^zไทย
655 ^^ นิยายรัก
945    ^p287^l0^i28868
999    ^aกัณชพร จุลอักษร
รายการนี้ยังไม่มีแท็ก
คุณยังไม่ได้ล็อกอิน คุณสามารถมีกิจกรรมร่วมกับเว็บไซต์ได้ แต่ต้องล็อกอินก่อน ::
  ล็อกอิน

รายการสื่อสารสนเทศ

ลำดับที่ ประเภท เลขเรียก/บาร์โค้ด สถานที่ สถานะ
1. วิทยาศาสตร์การแพทย์ และสุขภาพ
วิทยาศาสตร์การแพทย์ และสุขภาพ
นว พ716พ ฉ.1 
  Barcode: 28868
ห้องสมุดวิทยาเขตนครสวรรค์
►หนังสือทั่วไป:l:General Books
บนชั้น

รายการใกล้เคียง
    ผู้แต่ง [พิมพ์ณารากุล]

BibComment


ยังไม่เคยถูกคอมเมนท์

คอมเมนท์ทรัพยากรรายการนี้
  คอมเมนท์: พรพรหมห่มรัก พิมพ..


 Copyright 2026. Bcnsprnw @Library